| 000 | 00925cam a2200349 i 4500 | ||
|---|---|---|---|
| 001 | 0000832 | ||
| 003 | DO-SdBNP | ||
| 005 | 20180212154023.0 | ||
| 007 | 0000832 | ||
| 008 | 100514s 2003 mx a | |||| 000 f spa | ||
| 015 | _a | ||
| 017 |
_a _b |
||
| 020 | _a9687791764 | ||
| 020 | _a9706883401 | ||
| 035 | _a | ||
| 040 |
_aBPMSU _bspa _cBPMSU _e |
||
| 080 | _a | ||
| 100 | 1 |
_aMartín del Campo, David _d1952- |
|
| 245 | 1 | 0 |
_aZum - zum, la mosca, y otras historias / _h _cDavid Martín del Campo ; ilustraciones Martín Olivera |
| 250 | _a3a. ed. | ||
| 260 |
_aMéxico : _bSm, _c2003. |
||
| 300 |
_a89 p.: _bil. _c19 cm. |
||
| 490 | 1 |
_aEl barco de vapor _v7/M |
|
| 490 | 1 | _aAzul | |
| 521 | _aA partir de 7 años. | ||
| 700 | 1 |
_aOlivera, Martín _eil. |
|
| 830 | 0 |
_aEl barco de vapor _n7/M |
|
| 830 | 0 | _aAzul | |
| 942 |
_2ddc _cBK |
||
| 945 | _aInventariado, 2018 / BT | ||
| 956 |
_aYLOCKWARD _810 _cBPMSU |
||
| 999 |
_c12158 _d12158 |
||